000 00852nam a22002417a 4500
005 20170124102935.0
010 _a419928
020 _c03.00
035 _a419928
037 _bCen Lib/Ret
040 _aDPL
_bHN
082 _a320.15
_bसामाजि
245 _aसामाजिक पाषण /
_cअनुवादक बूलचंद
246 _aSamajik pashan /
_btranslated by Boolchand
260 _bप्रकाशन ब्यूरो
_c1956
_aलखनऊ
300 _a178पृ.
_c20सेमी (सजिल्द)
650 _aसामाजिक अवस्था
_9239
650 _aसामाजिक -- बंध
_942948
650 _aSocial status
_946183
650 _aSocial - bond
_946184
700 _aबूलचंद
_9500
942 _2ddc
_cHN
_h320.15
_mसामाजि
999 _c112170
_d112170